| 000 | 00321nam a22001217a 4500 | ||
|---|---|---|---|
| 008 | 211129b ||||| |||| 00| 0 eng d | ||
| 020 | _a9781472389633 | ||
| 050 |
_a030 _b1 |
||
| 245 | _aEncyclopedia Of INDIAN HISTORY, From Early Times To The Present | ||
| 260 |
_aNoida _bParragon _c2016 |
||
| 300 | _a1 | ||
| 942 |
_2ddc _cBK |
||
| 999 |
_c11933 _d11933 |
||